Psicología de la edad juvenil

Saved in:
Bibliografiske detaljer
Hovedforfatter: Spranger, Eduard (Author)
Format: Bog
Sprog:spansk
Udgivet: Ciudad de México Nacional 1963
Fag:
Tags: Tilføj Tag
Ingen Tags, Vær først til at tagge denne postø!

MARC

LEADER 00000nam a2200000 a 4500
001 UCZ7827
003 CL-VaPUC
008 960112e19630000MX |||||||||||||||||spa|d
082 0 4 |a 155.5  |b SPR  |2 21 
100 0 |a Spranger, Eduard  |e author  |9 343420 
245 1 0 |a Psicología de la edad juvenil 
300 |a 323 p 
942 |c BK 
945 |d 19960112 00:00:00  |a rleighto 
260 |a Ciudad de México  |b Nacional  |c 1963 
650 0 |a Psicología del adolescente   |9 307864 
650 0 |a Adolescencia  |9 307361 
650 0 |a Juventud  |9 271073 
583 |a last modification  |c 19960112 00:00:00  |k Rodrigo Vera 
999 |c 243825  |d 243823 
952 |0 0  |1 0  |4 0  |6 155_500000000000000_SPR_1963  |7 0  |8 P  |9 257649  |a BIBEDU  |b BIBEDU  |d 2019-11-19  |i 3168867  |o 155.5 SPR 1963  |p 3168867  |r 2024-01-25  |w 2019-11-19  |y BK  |k PSI 
952 |0 0  |1 0  |4 0  |6 155_500000000000000_SPR_1963  |7 0  |8 P  |9 257650  |a BIBEDU  |b BIBEDU  |d 2019-11-19  |i 3126676  |o 155.5 SPR 1963  |p 3126676  |r 2024-01-25  |w 2019-11-19  |y BK  |k EDU